[Event "ICS rated blitz match"]
[Site "204.178.125.65"]
[Date "2000.07.06"]
[Round "?"]
[White "Beadle"]
[Black "Hossa"]
[Result "1-0"]
[WhiteElo "2548"]
[BlackElo "2536"]
[PlyCount "153"]
[EventDate "2000.??.??"]

1. d4 f5 2. g3 e6 3. Bg2 Nf6 4. Nf3 Nc6 5. Ne5 Nxe5 6. dxe5 Ng4 7. Qd4 d6 8.
exd6 Qxd6 9. Qxd6 cxd6 10. h3 Ne5 11. Nc3 Be7 12. Bf4 O-O 13. O-O-O g5 14. Be3
Nc4 15. Bd4 Bd7 16. b3 Na5 17. Bc5 Bc6 18. Bxc6 dxc5 19. Bd7 Kf7 20. Nb5 Bd8
21. Nd6+ Kf6 22. h4 g4 23. e4 Bc7 24. exf5 Bxd6 25. Rxd6 Ke7 26. Rhd1 exf5 27.
R6d5 f4 28. Bxg4 Rad8 29. Re1+ Kf7 30. Rxc5 Nc6 31. Rb5 b6 32. gxf4 h6 33. Rf5+
Kg7 34. Rxf8 Rxf8 35. Re4 a6 36. f5 Nd8 37. f4 Rf7 38. Re5 Nc6 39. Re6 Rf6 40.
c3 Nd8 41. Re7+ Kf8 42. Re5 Kg7 43. Kc2 Nc6 44. Re8 b5 45. a3 Kf7 46. Bh5+ Kg7
47. Bf3 Kf7 48. Re6 Nd8 49. Bh5+ Kg7 50. Re7+ Kg8 51. Re8+ Rf8 52. f6 Rxe8 53.
Bxe8 Ne6 54. f5 Nf4 55. Bg6 Ng2 56. h5 Ne1+ 57. Kd2 Nf3+ 58. Kd3 Kf8 59. c4
Ne5+ 60. Kd4 bxc4 61. bxc4 Nd7 62. f7 Ke7 63. c5 Nf8 64. Kd5 Nd7 65. c6 Nb6+
66. Kc5 Na8 67. a4 a5 68. Kb5 Nc7+ 69. Kb6 Nd5+ 70. Kb7 Nf6 71. c7 Nd7 72. c8=Q
Nf8 73. Qc6 Nh7 74. f8=R Kxf8 75. Qe8+ Kg7 76. Qf7+ Kh8 77. Qxh7# {
Hossa checkmated} 1-0

[Event "ICS rated blitz match"]
[Site "204.178.125.65"]
[Date "2000.07.06"]
[Round "?"]
[White "Hossa"]
[Black "Beadle"]
[Result "1-0"]
[WhiteElo "2521"]
[BlackElo "2563"]
[PlyCount "181"]
[EventDate "2000.??.??"]

1. d4 d5 2. c4 dxc4 3. e3 Nf6 4. Bxc4 e6 5. Nc3 Bd7 6. Nf3 Bc6 7. O-O Bd6 8.
Bd3 Bb4 9. Bd2 Nbd7 10. Qe2 Bxc3 11. Bxc3 Qe7 12. e4 O-O 13. Ng5 h6 14. Nf3 Kh8
15. Qe1 Rfd8 16. Bb4 Qe8 17. Rc1 Nb6 18. b3 a6 19. Qe2 a5 20. Bc3 Kg8 21. Ne5
a4 22. b4 Qe7 23. Nxc6 bxc6 24. a3 Qe8 25. Ba1 Nc8 26. Rc5 Ne7 27. Qc2 Rdb8 28.
Be2 Rd8 29. Ra5 Rxa5 30. bxa5 Rb8 31. e5 Nfd5 32. Qxa4 Nf4 33. Bf3 Ned5 34. a6
Rb6 35. g3 Nh3+ 36. Kg2 Ng5 37. Be2 f5 38. Rc1 Qa8 39. h4 Ne4 40. Qc2 c5 41.
dxc5 Nxc5 42. Kg1 Nxa6 43. Bd4 c5 44. Bxc5 Nxc5 45. Qxc5 Qe8 46. Qc8 Qxc8 47.
Rxc8+ Kf7 48. a4 Rb1+ 49. Kg2 Re1 50. Rc2 Ra1 51. Bb5 Re1 52. Re2 Rc1 53. Rd2
Ke7 54. f4 g6 55. Kf2 Rc5 56. h5 gxh5 57. Kf3 Rc3+ 58. Rd3 Rc5 59. Ra3 h4 60.
gxh4 Rc1 61. a5 Rh1 62. Ra4 Nc3 63. Rb4 Nd5 64. Rd4 Rh3+ 65. Kg2 Ra3 66. a6 Ra5
67. Be2 Ra3 68. Kf2 Ra2 69. Kf3 Ra3+ 70. Rd3 Ra4 71. Rb3 Rxf4+ 72. Kg3 Ra4 73.
Rb7+ Kd8 74. a7 Nc7 75. Bf3 Kd7 76. h5 Ra3 77. Kh4 Ra4+ 78. Kh3 Ra5 79. Rxc7+
Kxc7 80. a8=Q Rxa8 81. Bxa8 Kb6 82. Kg3 Kc7 83. Bg2 Kd7 84. Kf4 Ke8 85. Bh3 Kf8
86. Bxf5 exf5 87. e6 Ke8 88. Kxf5 Ke7 89. Ke5 Ke8 90. Kf6 Kf8 91. Kg6 {
Beadle resigns} 1-0

[Event "ICS rated blitz match"]
[Site "204.178.125.65"]
[Date "2000.07.06"]
[Round "?"]
[White "Amateur"]
[Black "Hossa"]
[Result "0-1"]
[WhiteElo "2675"]
[BlackElo "2539"]
[PlyCount "146"]
[EventDate "2000.??.??"]

1. e4 c5 2. Nf3 d6 3. d4 cxd4 4. Nxd4 Nf6 5. Nc3 Nc6 6. Bg5 e6 7. Qd2 a6 8.
O-O-O h6 9. Be3 Nxd4 10. Bxd4 b5 11. f3 Be7 12. Be2 O-O 13. Bxf6 Bxf6 14. Qxd6
Qa5 15. e5 Bg5+ 16. Kb1 Bb7 17. b4 Qa3 18. Rd3 Rad8 19. Nxb5 Qa4 20. Nc3 Qa3
21. Ne4 Qa4 22. Qc5 Rc8 23. Nc3 Qe8 24. Qb6 Rb8 25. Qd4 Bc6 26. Ne4 Bxe4 27.
Qxe4 a5 28. Rb3 axb4 29. Bd3 g6 30. Rxb4 Qa4 31. Rb3 Qa5 32. h4 Bd2 33. h5
Rxb3+ 34. cxb3 Ra8 35. a4 Rb8 36. Ka2 Qc3 37. Bc2 Rc8 38. Kb1 Rb8 39. Ka2 Rc8
40. Rd1 Bf4 41. Bd3 Bxe5 42. Qe2 g5 43. Bc4 Bh8 44. Qd2 Qf6 45. Ba6 Rb8 46. b4
Bg7 47. b5 Rf8 48. Bb7 Qe7 49. Bc6 Qc5 50. Rc1 Qa7 51. a5 Qb8 52. Rd1 Qc7 53.
a6 Rc8 54. g4 Qb6 55. f4 gxf4 56. Qg2 Qa5+ 57. Kb3 Qc3+ 58. Ka2 Qc4+ 59. Ka3
Bf8+ 60. Kb2 Qb4+ 61. Ka2 Qa4+ 62. Kb2 Bg7+ 63. Kc1 Qa3+ 64. Kd2 Rd8+ 65. Ke1
Qe3+ 66. Qe2 Qg1+ 67. Qf1 Bc3+ 68. Rd2 Bxd2+ 69. Ke2 Qe3+ 70. Kd1 Be1+ 71. Kc2
Qc3+ 72. Kb1 Rd1+ 73. Ka2 Ra1# {Amateur checkmated} 0-1

[Event "ICS rated blitz match"]
[Site "204.178.125.65"]
[Date "2000.07.06"]
[Round "?"]
[White "Hossa"]
[Black "Amateur"]
[Result "0-1"]
[WhiteElo "2561"]
[BlackElo "2653"]
[PlyCount "132"]
[EventDate "2000.??.??"]

1. d4 Nf6 2. c4 e6 3. Nf3 b6 4. g3 Bb7 5. Bg2 Be7 6. O-O O-O 7. Nc3 Ne4 8. Qc2
Nxc3 9. Qxc3 Be4 10. Ne1 Bxg2 11. Nxg2 c6 12. e4 d5 13. Qd3 Nd7 14. cxd5 cxd5
15. exd5 exd5 16. Qf5 Nf6 17. Bg5 h6 18. Bxf6 Bxf6 19. Rad1 Qc8 20. Qxd5 Rd8
21. Qe4 Qc4 22. Ne3 Qxa2 23. Rd2 Rac8 24. Rfd1 Re8 25. Qd5 Qa4 26. Qb7 Rcd8 27.
Nd5 Bg5 28. f4 Rd7 29. b3 Qb5 30. Nc7 Be7 31. Nxb5 Rxb7 32. Ra2 a5 33. Re2 Rd8
34. Kf2 Rbd7 35. Ke3 Bb4 36. Kd3 Rc8 37. Rc2 Rxc2 38. Kxc2 Kf8 39. Kd3 Rd5 40.
Na7 Rh5 41. Nc6 Rxh2 42. Nxb4 axb4 43. Kc4 h5 44. d5 Rh3 45. d6 Ke8 46. Rg1 Kd7
47. Kd5 g6 48. Ke5 h4 49. gxh4 Rxb3 50. Kf6 Rh3 51. Kxf7 Rxh4 52. Rd1 Rxf4+ 53.
Kxg6 b3 54. Rd2 Rb4 55. Rb2 Kxd6 56. Kf5 Kd5 57. Kg5 Kd4 58. Rb1 b2 59. Rf1
b1=Q 60. Rf6 Rb2 61. Rf8 Rg2+ 62. Kf6 Qf1+ 63. Ke6 Qxf8 64. Kd7 Qf7+ 65. Kc6
Rg6+ 66. Kb5 Qc4# {Hossa checkmated} 0-1

[Event "ICS rated blitz match"]
[Site "204.178.125.65"]
[Date "2000.07.06"]
[Round "?"]
[White "Hossa"]
[Black "QueenMaxima"]
[Result "1-0"]
[WhiteElo "2549"]
[BlackElo "2499"]
[PlyCount "151"]
[EventDate "2000.??.??"]

1. e4 e5 2. Nf3 Nc6 3. Bb5 a6 4. Bxc6 dxc6 5. O-O f6 6. d4 exd4 7. Nxd4 c5 8.
Nb3 Qxd1 9. Rxd1 Bg4 10. f3 Be6 11. Be3 b6 12. a4 Kf7 13. Bf4 Rc8 14. a5 b5 15.
Be3 c4 16. Nc5 Bxc5 17. Bxc5 Ne7 18. Kf2 Rhd8 19. Nd2 Rd7 20. Ke2 Rcd8 21. Ke3
Ng6 22. Bb4 Nh4 23. g3 c5 24. Bxc5 Nxf3 25. Bb6 Nxd2 26. Bxd8 c3 27. bxc3 Nc4+
28. Kf2 Nd2 29. Bb6 Nxe4+ 30. Ke3 Rxd1 31. Rxd1 Nxc3 32. Rd6 Bc8 33. Bd4 Ke7
34. Bc5 Ke8 35. Kd4 Ne2+ 36. Kd3 Nc1+ 37. Kc3 Kf7 38. Kd2 Na2 39. Rc6 Bf5 40.
Rxa6 Be4 41. Rb6 b4 42. Bxb4 Kg6 43. a6 Nxb4 44. Rxb4 Bc6 45. a7 h5 46. Ke3 Kf5
47. Kd4 g5 48. Kc5 Bf3 49. Kd6 Kg6 50. Kc7 h4 51. g4 Ba8 52. Rb7 f5 53. Rb6+
Kg7 54. gxf5 Kf7 55. Kb8 Bf3 56. Rb7+ Bxb7 57. Kxb7 Kf6 58. a8=Q Kxf5 59. c4 g4
60. Qc8+ Kf4 61. Qxg4+ Kxg4 62. c5 Kh3 63. c6 Kxh2 64. c7 h3 65. c8=Q Kg3 66.
Qc6 Kf2 67. Qh1 Kg3 68. Kc6 h2 69. Kd5 Kf4 70. Qxh2+ Ke3 71. Qh4 Kf3 72. Kd4
Ke2 73. Qf4 Kd1 74. Qf2 Kc1 75. Kc3 Kd1 76. Qf1# 1-0

[Event "ICS rated blitz match"]
[Site "204.178.125.65"]
[Date "2000.07.06"]
[Round "?"]
[White "QueenMaxima"]
[Black "Hossa"]
[Result "0-1"]
[WhiteElo "2485"]
[BlackElo "2563"]
[PlyCount "230"]
[EventDate "2000.??.??"]

1. e4 c5 2. Nf3 d6 3. d4 cxd4 4. Nxd4 Nf6 5. Nc3 Nc6 6. Bg5 e6 7. Qd2 a6 8.
O-O-O h6 9. Be3 Nxd4 10. Bxd4 b5 11. f4 Bb7 12. e5 dxe5 13. fxe5 Nd7 14. Bd3
Qc7 15. Rhf1 Be7 16. Qe2 O-O 17. Be4 Bxe4 18. Qxe4 Bc5 19. Bxc5 Nxc5 20. Qf4
Rad8 21. Rxd8 Rxd8 22. a3 Rf8 23. Qd4 Nd7 24. Qd6 Qc4 25. Rf3 Qc8 26. Rd3 Nb8
27. Ne4 a5 28. Rb3 Rd8 29. Qb6 Nd7 30. Qxa5 Nxe5 31. Qxb5 Qc7 32. Rg3 Nd7 33.
Kb1 f5 34. Nc3 Rb8 35. Qe2 Nf8 36. Qf2 Rb7 37. Na4 Qd7 38. Nc5 Qd1+ 39. Ka2 Re7
40. Rd3 Qh5 41. h4 Qe8 42. Kb1 Qc8 43. Rd1 e5 44. Rd5 Qa8 45. Qf3 Qc8 46. h5
Nh7 47. Qd3 Nf8 48. Kc1 f4 49. Qe4 Qe8 50. Qe2 Qb8 51. Nd3 Nd7 52. Nxf4 Qa7 53.
Ng6 Re8 54. Qb5 Nf6 55. Rd1 e4 56. Rf1 Rb8 57. Qe5 Rd8 58. Qe6+ Kh7 59. Qf5 Kg8
60. Re1 Re8 61. g4 Qc7 62. Re3 Qb6 63. Rg3 e3 64. Qf1 e2 65. Qe1 Qd4 66. c3 Qe4
67. b3 Rd8 68. Rg1 Nxg4 69. c4 Rd1+ 70. Qxd1 exd1=Q+ 71. Rxd1 Nf6 72. Rd8+ Kf7
73. Rf8+ Ke6 74. Rd8 Qf5 75. Rd2 Nxh5 76. Re2+ Kf6 77. Ne5 Qf1+ 78. Kd2 Qxe2+
79. Kxe2 Kxe5 80. Ke3 Nf6 81. b4 Nd7 82. Kd3 Nb6 83. c5 Nd7 84. Kc4 h5 85. b5
g5 86. c6 Nb6+ 87. Kc5 Na4+ 88. Kb4 Kd6 89. Kxa4 g4 90. Ka5 g3 91. Ka6 g2 92.
Kb7 g1=Q 93. c7 Qc1 94. c8=Q Qxc8+ 95. Kxc8 Kc5 96. a4 Kb6 97. Kd7 h4 98. Ke6
h3 99. Kd5 h2 100. Ke4 Kc5 101. Kf4 Kd4 102. Kf5 Kd5 103. a5 Kd6 104. b6 Kc6
105. b7 Kxb7 106. Ke5 Ka6 107. Kd4 Kxa5 108. Ke4 h1=Q+ 109. Ke5 Qf3 110. Kd6
Qe3 111. Kd7 Kb6 112. Kd6 Qe4 113. Kd7 Qe5 114. Kd8 Kc6 115. Kc8 Qe8# 0-1

[Event "ICS rated standard match"]
[Site "204.178.125.65"]
[Date "2000.07.06"]
[Round "?"]
[White "QueenMaxima"]
[Black "Hossa"]
[Result "0-1"]
[WhiteElo "2424"]
[BlackElo "2339"]
[PlyCount "216"]
[EventDate "2000.??.??"]

1. e4 c5 2. Nf3 d6 3. d4 cxd4 4. Nxd4 Nf6 5. Nc3 Nc6 6. Bg5 e6 7. Qd2 a6 8.
O-O-O h6 9. Be3 Nxd4 10. Bxd4 b5 11. f3 Be7 12. Kb1 O-O 13. Bxf6 Bxf6 14. Qxd6
Qe8 15. e5 Be7 16. Qb6 Bd8 17. Qd4 Bb7 18. Ne4 Qc6 19. Nd6 Bb6 20. Qg4 Qc7 21.
Bd3 Rad8 22. c4 Bc6 23. cxb5 axb5 24. Qb4 Ra8 25. Rc1 Qd7 26. Qc3 Bd5 27. a3
Ra5 28. Rhd1 Rb8 29. b4 Raa8 30. Bxb5 Qa7 31. Rd3 h5 32. a4 Rf8 33. Ka1 Bd8 34.
Rcd1 Bb6 35. Qc1 Bf2 36. Qf4 Rab8 37. R1d2 Be1 38. Rb2 Rxb5 39. Nxb5 Qxa4+ 40.
Na3 Rc8 41. Qd4 Rc4 42. Qe3 Bxb4 43. Rbb3 Rc5 44. Rb1 Ra5 45. Rxb4 Qxb4 46. Rc3
Bc4 47. g3 Bf1 48. Rb3 Rxe5 49. Qc3 Re1+ 50. Kb2 Re2+ 51. Nc2 Qd6 52. h4 Qxg3
53. Qa5 Qxh4 54. Qc3 Qd8 55. Qc4 Qd6 56. Rd3 Qe5+ 57. Kc1 Qf5 58. Qc8+ Kh7 59.
Qc3 Re5 60. Re3 Rc5 61. Qd2 Qf6 62. Ra3 Rd5 63. Qe3 Qd8 64. Kb2 Qb8+ 65. Rb3
Qc7 66. Rc3 Qb7+ 67. Rb3 Qc8 68. Rc3 Qa8 69. Qe4+ g6 70. Nb4 Rd2+ 71. Kc1 Qxe4
72. fxe4 Rd4 73. Nc6 Rxe4 74. Nd8 Rf4 75. Rc7 Kg8 76. Kb2 h4 77. Kb3 h3 78. Rc2
Bg2 79. Rc8 Kg7 80. Rc7 Bd5+ 81. Ka3 h2 82. Nxe6+ Bxe6 83. Rc1 Bd5 84. Kb2 Rb4+
85. Ka3 Rb3+ 86. Ka4 h1=R 87. Rxh1 Bxh1 88. Kxb3 Kh6 89. Kc4 Kg5 90. Kd4 Kf4
91. Kd3 Be4+ 92. Kc4 Kf3 93. Kc5 Kg2 94. Kd4 Kf2 95. Kxe4 f5+ 96. Kf4 Ke2 97.
Kg5 Ke3 98. Kf6 f4 99. Kxg6 f3 100. Kf5 f2 101. Ke5 f1=Q 102. Kd6 Kf4 103. Kd5
Qb5+ 104. Kd6 Kf5 105. Ke7 Qd5 106. Kf8 Kf6 107. Ke8 Qd4 108. Kf8 Qd8# 0-1

[Event "ICS rated standard match"]
[Site "204.178.125.65"]
[Date "2000.07.06"]
[Round "?"]
[White "Hossa"]
[Black "Amateur"]
[Result "0-1"]
[WhiteElo "2359"]
[BlackElo "2326"]
[PlyCount "134"]
[EventDate "2000.??.??"]

1. e4 c5 2. Nf3 e6 3. b4 cxb4 4. d4 Be7 5. Bd3 Nf6 6. O-O O-O 7. e5 Nd5 8. Be4
b6 9. c4 bxc3 10. Bxd5 exd5 11. Nxc3 Ba6 12. Re1 Bc4 13. Nd2 Bb4 14. Bb2 Nc6
15. Nxc4 dxc4 16. d5 Na5 17. Qh5 Qe8 18. Qg4 Qd8 19. a3 f5 20. Qe2 Bc5 21. d6
Qh4 22. Nd5 Nb3 23. Rad1 Qe4 24. Qf1 Qh4 25. a4 Na5 26. Ne7+ Kh8 27. Bc3 Nb7
28. Rd2 Rab8 29. Rc2 a6 30. g3 Qg4 31. Rb1 Qe4 32. Qd1 f4 33. g4 f3 34. h3 Nd8
35. Qd2 Ne6 36. Re1 Qf4 37. Kh1 Qxd2 38. Bxd2 Bxf2 39. Rf1 Bd4 40. Nf5 b5 41.
Rxf3 Bxe5 42. Re3 Bf4 43. Re2 Bxd2 44. Rexd2 Nc5 45. axb5 axb5 46. Kg2 Rf6 47.
Rd1 g6 48. Ng3 Nd3 49. Rb1 Re8 50. Kg1 Re5 51. Re2 Rxe2 52. Nxe2 b4 53. Nd4
Rxd6 54. Nc2 Re6 55. Rxb4 Nxb4 56. Nxb4 c3 57. Kf2 Rb6 58. Nd3 c2 59. g5 Rb1
60. Ke2 Rd1 61. Nc1 Rxc1 62. Kf2 Rd1 63. h4 c1=Q 64. Ke2 Qc2+ 65. Kf3 Rd3+ 66.
Ke4 Qc4+ 67. Ke5 Qd4# 0-1

[Event "ICS rated blitz match"]
[Site "204.178.125.65"]
[Date "2000.07.06"]
[Round "?"]
[White "Amateur"]
[Black "Hossa"]
[Result "0-1"]
[WhiteElo "2640"]
[BlackElo "2575"]
[PlyCount "192"]
[EventDate "2000.??.??"]

1. e4 c5 2. Nc3 Nc6 3. f4 Qc7 4. d3 d6 5. Be2 Nd4 6. Nf3 Nf6 7. Bd2 Qb6 8. Rb1
g6 9. e5 Nd7 10. exd6 Qxd6 11. O-O Bg7 12. Nxd4 cxd4 13. Ne4 Qc6 14. Bf3 Qb6
15. Qe1 a5 16. Qg3 Nf6 17. Nxf6+ Bxf6 18. a4 Qc7 19. Rfc1 O-O 20. b4 axb4 21.
Rxb4 Ra6 22. Rc4 Qb8 23. Rb1 b6 24. Bc6 Be6 25. Rcb4 Qc7 26. Qf3 Bg7 27. R4b2
Bd7 28. Bxd7 Qxd7 29. Rxb6 Rxb6 30. Rxb6 Qxa4 31. Qc6 Qa1+ 32. Kf2 Qh1 33. Kg3
Qd1 34. Bb4 Qc1 35. Rb7 g5 36. fxg5 Qxg5+ 37. Kh3 Qh5+ 38. Kg3 Bf6 39. Kf2 Qxh2
40. Qe4 Bh4+ 41. Ke2 Qg1 42. Rb5 Qf2+ 43. Kd1 h6 44. Qg4+ Kh8 45. Kc1 Bg5+ 46.
Kb2 f5 47. Qf3 Qg1 48. Ka2 Qc1 49. Qc6 Bh4 50. g3 Bf6 51. Rxf5 Kg7 52. Qg2 Rc8
53. Rf2 Rc7 54. Kb3 Qb1+ 55. Ka4 Ra7+ 56. Kb5 Qa1 57. Kc5 Rd7 58. Qf3 Kh8 59.
Kb5 Rc7 60. Rh2 Bg7 61. Qd5 Qa7 62. Qd8+ Kh7 63. Qe8 Rb7+ 64. Kc4 Qa2+ 65. Kc5
e6 66. Qc6 Qa7+ 67. Kc4 Rc7 68. Qxc7 Qxc7+ 69. Kb3 Qxg3 70. Rh5 Qg1 71. Rc5
Qb1+ 72. Ka4 Bf8 73. Rc7+ Kg8 74. Bd2 h5 75. Ba5 h4 76. Rc4 Qa1+ 77. Kb5 h3 78.
Bc7 Qg1 79. Ka6 h2 80. Bxh2 Qxh2 81. Kb7 Qf2 82. Rc8 Kf7 83. Rc4 Qg2+ 84. Kb6
Qg1 85. Rc7+ Kf6 86. Ka6 Bd6 87. Rc4 Ke7 88. Kb5 Qb1+ 89. Ka6 Kd7 90. Ka5 Qb7
91. Rxd4 Qa7+ 92. Kb5 Qxd4 93. c3 Qxd3+ 94. Kb6 Qb1+ 95. Ka5 Kc6 96. Ka4 Qa2# {
Amateur checkmated} 0-1

[Event "ICS rated blitz match"]
[Site "204.178.125.65"]
[Date "2000.07.06"]
[Round "?"]
[White "Hossa"]
[Black "WitPaard"]
[Result "1-0"]
[WhiteElo "2594"]
[BlackElo "2121"]
[PlyCount "93"]
[EventDate "2000.??.??"]

1. e4 e5 2. Nf3 Nc6 3. Bb5 f5 4. d3 fxe4 5. dxe4 Nf6 6. Bg5 Bc5 7. O-O d6 8.
Bc4 Qe7 9. Nc3 Be6 10. Nd5 Bxd5 11. exd5 Nd4 12. Nxd4 Bxd4 13. c3 Bb6 14. Qa4+
Kf7 15. Bd3 h6 16. Bxf6 Qxf6 17. Qd7+ Qe7 18. Bg6+ Kf8 19. Qg4 Qg5 20. Qf3+ Qf6
21. Qe4 Qf4 22. Qd3 Ke7 23. Qh3 Qf6 24. Qg4 Raf8 25. Qg3 h5 26. a4 h4 27. Qg4
Rh6 28. Bc2 a6 29. Qe2 Qf4 30. a5 Ba7 31. Ra4 Qg5 32. Rg4 Qf6 33. Rb4 b5 34.
axb6 Bxb6 35. Rxb6 cxb6 36. Qxa6 Kf7 37. Qxb6 Kg8 38. h3 Qg5 39. Qa6 Rhf6 40.
Qc4 Rf4 41. Qe2 Qf6 42. c4 e4 43. Bxe4 Qd4 44. Bg6 Qxc4 45. Qh5 Qxf1+ 46. Kxf1
Rxf2+ 47. Kg1 {WitPaard resigns} 1-0

[Event "ICS rated blitz match"]
[Site "204.178.125.65"]
[Date "2000.07.06"]
[Round "?"]
[White "WitPaard"]
[Black "Hossa"]
[Result "0-1"]
[WhiteElo "2119"]
[BlackElo "2596"]
[PlyCount "66"]
[EventDate "2000.??.??"]

1. e4 c5 2. Nf3 d6 3. d4 cxd4 4. Nxd4 Nf6 5. Nc3 Nc6 6. Bc4 e6 7. Bb3 Be7 8. f4
O-O 9. Be3 e5 10. Nf3 Ng4 11. Bc1 Na5 12. f5 Qb6 13. Qe2 Nxb3 14. axb3 Qd8 15.
h3 Nf6 16. g4 d5 17. g5 Nxe4 18. Nxe4 dxe4 19. Qxe4 Qd7 20. Nh4 Re8 21. Rg1 Bc5
22. Rg2 b5 23. g6 Bb7 24. gxh7+ Kxh7 25. Rxg7+ Kxg7 26. Qg4+ Kf8 27. Bh6+ Ke7
28. Bg5+ f6 29. Ng6+ Kd8 30. Bxf6+ Kc7 31. Rd1 Bd6 32. Kd2 Qf7 33. Kc1 Qxf6 {
WitPaard resigns} 0-1

[Event "ICS rated blitz match"]
[Site "204.178.125.65"]
[Date "2000.07.06"]
[Round "?"]
[White "Hossa"]
[Black "WitPaard"]
[Result "0-1"]
[WhiteElo "2598"]
[BlackElo "2117"]
[PlyCount "112"]
[EventDate "2000.??.??"]

1. e4 e5 2. Nf3 Nc6 3. Bb5 f5 4. d3 fxe4 5. dxe4 Nf6 6. Bg5 Bc5 7. O-O d6 8.
Bc4 Qe7 9. Nc3 Be6 10. Nd5 Bxd5 11. exd5 Nd4 12. Nxd4 Bxd4 13. c3 Bb6 14. Qa4+
Kf7 15. Bd3 h6 16. Bxf6 Qxf6 17. Qd7+ Qe7 18. Bg6+ Kf8 19. Qg4 Qg5 20. Qf3+ Qf6
21. Qd3 Ke7 22. Qe4 Raf8 23. Qc2 h5 24. Rae1 Rh6 25. Bd3 h4 26. Qd2 g5 27. Qc2
Kd8 28. Qe2 Qf4 29. Be4 Rhf6 30. g3 hxg3 31. Kh1 gxf2 32. Rxf2 Qxf2 33. Qxf2
Rxf2 34. Rb1 Rf1+ 35. Rxf1 Rxf1+ 36. Kg2 Rf2+ 37. Kg3 Rxb2 38. a4 Ke7 39. Bf3
Kf6 40. c4 Rb4 41. Bd1 Rxc4 42. Kg2 e4 43. h4 gxh4 44. Bb3 Rc3 45. Bd1 Kg5 46.
Kh2 Kf4 47. Kg2 e3 48. Kh2 Rc1 49. Bh5 Rf1 50. Kh3 Rf3+ 51. Kxh4 e2 52. Bf7
e1=Q+ 53. Kh5 Rg3 54. Kh6 Qh1+ 55. Bh5 Rg5 56. a5 Qxh5# {Hossa checkmated} 0-1

[Event "ICS rated standard match"]
[Site "204.178.125.65"]
[Date "2000.07.06"]
[Round "?"]
[White "Hossa"]
[Black "QueenMaxima"]
[Result "0-1"]
[WhiteElo "2341"]
[BlackElo "2404"]
[PlyCount "110"]
[EventDate "2000.??.??"]

1. e4 e5 2. Nf3 Nc6 3. Bb5 a6 4. Bxc6 dxc6 5. O-O f6 6. d4 exd4 7. Nxd4 c5 8.
Nb3 Qxd1 9. Rxd1 Bg4 10. f3 Be6 11. Be3 b6 12. a4 Kf7 13. Bf4 Rc8 14. a5 b5 15.
Be3 c4 16. Nc5 Bxc5 17. Bxc5 Ne7 18. Kf2 Rhd8 19. Nd2 Rd7 20. Ke2 Rcd8 21. Ke3
Ng6 22. Bb4 Nh4 23. g3 Nxf3 24. Kxf3 c5 25. Bxc5 Rxd2 26. Rxd2 Rxd2 27. Rc1
Rxh2 28. Bg1 Rh5 29. Kf4 Rh1 30. Be3 Rh2 31. Bg1 Rh3 32. Rf1 h5 33. Kf3 Bd7 34.
Bf2 Rh2 35. Ke3 Bg4 36. Rc1 Ke6 37. b3 c3 38. b4 Kd6 39. Be1 Rg2 40. Bf2 f5 41.
exf5 Kd5 42. Rg1 Rh2 43. Rc1 Kc4 44. Bg1 Rd2 45. Kf4 Kxb4 46. Rb1+ Kc4 47. Rc1
Rd5 48. Bb6 Bxf5 49. Bc7 g6 50. Kf3 b4 51. Bf4 Rxa5 52. Ke2 Bxc2 53. Rxc2 b3
54. Rc1 b2 55. Bd2 Kd5 {Hossa resigns} 0-1

[Event "ICS rated blitz match"]
[Site "204.178.125.65"]
[Date "2000.07.06"]
[Round "?"]
[White "QueenMaxima"]
[Black "Hossa"]
[Result "0-1"]
[WhiteElo "2492"]
[BlackElo "2568"]
[PlyCount "132"]
[EventDate "2000.??.??"]

1. e4 c5 2. Nf3 d6 3. d4 cxd4 4. Nxd4 Nf6 5. Nc3 Nc6 6. Bg5 e6 7. Qd2 a6 8.
O-O-O h6 9. Be3 Nxd4 10. Bxd4 b5 11. f4 Bb7 12. e5 dxe5 13. Bxe5 Qxd2+ 14. Rxd2
Bb4 15. Rd3 Be7 16. Rg3 O-O 17. Bd3 Nh5 18. Rh3 Bxg2 19. Rxh5 Bxh1 20. Rh3 Rfd8
21. Rg3 f6 22. Bc7 Rd7 23. Bb6 f5 24. Re3 Bd6 25. Kb1 Rb8 26. Rxe6 Rxb6 27.
Bxf5 Rd8 28. Rg6 b4 29. Ne2 Bxf4 30. Rg1 Rf8 31. Bd3 Bd5 32. Nxf4 Rxf4 33. Re1
Rh4 34. Re8+ Kf7 35. Re2 g6 36. Kc1 Rd6 37. a3 bxa3 38. bxa3 Ra4 39. Re3 Re6
40. Rg3 Rf6 41. h3 Rd6 42. Be2 Ke7 43. Bg4 Kf6 44. Re3 Rd4 45. Re8 h5 46. Bf3
Be6 47. Rf8+ Ke7 48. Rb8 Bxh3 49. Be2 Bg2 50. Bd3 h4 51. Rg8 Kf7 52. Rc8 Rxd3
53. Rh8 Rd1+ 54. Kb2 g5 55. Rh5 Kg6 56. Rh8 Rd8 57. Kb3 Rxh8 58. c4 g4 59. Kc2
Rd7 60. Kb3 g3 61. Kc2 Be4+ 62. Kc3 Rd3+ 63. Kc2 h3 64. c5 h2 65. a4 h1=R 66.
a5 R8h2# 0-1

[Event "ICS rated blitz match"]
[Site "204.178.125.65"]
[Date "2000.07.06"]
[Round "?"]
[White "Hossa"]
[Black "QueenMaxima"]
[Result "0-1"]
[WhiteElo "2581"]
[BlackElo "2479"]
[PlyCount "122"]
[EventDate "2000.??.??"]

1. e4 e5 2. Nf3 Nc6 3. Bb5 a6 4. Bxc6 dxc6 5. O-O f6 6. d4 exd4 7. Nxd4 c5 8.
Nb3 Qxd1 9. Rxd1 Bg4 10. f3 Be6 11. Be3 b6 12. a4 Kf7 13. Bf4 Rc8 14. a5 b5 15.
Be3 c4 16. Nc5 Bxc5 17. Bxc5 Ne7 18. Kf2 Rcd8 19. Nd2 Rd7 20. Ke2 Rhd8 21. c3
Ng6 22. Be3 Ne5 23. Nf1 Nd3 24. Rd2 c5 25. h3 Kg8 26. f4 Bf7 27. Rad1 Re7 28.
Kf3 Rde8 29. Ng3 h5 30. h4 Bd5 31. Re2 Bxe4+ 32. Nxe4 Rxe4 33. Rdd2 Nc1 34. Re1
Kh7 35. Rxc1 Rxe3+ 36. Kf2 Kg6 37. Rd6 Re2+ 38. Kf1 Rxb2 39. Rxa6 Re4 40. f5+
Kxf5 41. Rc6 Rxh4 42. Kg1 Kg6 43. Rf1 Re4 44. Rf3 h4 45. a6 Ree2 46. Kf1 Rxg2
47. Re6 Rgc2 48. Rh3 Kg5 49. Re7 g6 50. Re1 Ra2 51. Rd1 Rxa6 52. Ke1 Re6+ 53.
Kf1 Kg4 54. Rh1 h3 55. Rg1+ Kf3 56. Rh1 h2 57. Rxh2 Rxh2 58. Kg1 Ree2 59. Rf1+
Kg3 60. Rxf6 Reg2+ 61. Kf1 Rh1# {Hossa checkmated} 0-1

[Event "ICS Rated standard match"]
[Site "204.178.125.65"]
[Date "2000.07.06"]
[Round "?"]
[White "QueenMaxima"]
[Black "Hossa"]
[Result "0-1"]
[WhiteElo "2417"]
[BlackElo "2328"]
[PlyCount "192"]
[EventDate "2000.??.??"]

1. e4 c5 2. Nf3 d6 3. d4 cxd4 4. Nxd4 Nf6 5. Nc3 Nc6 6. Bg5 e6 7. Qd2 a6 8.
O-O-O h6 9. Be3 Nxd4 10. Bxd4 b5 11. f3 Be7 12. h4 O-O 13. Bxf6 Bxf6 14. Qxd6
Qxd6 15. Rxd6 Be5 16. Rd3 Bb7 17. Ne2 Rfd8 18. Rxd8+ Rxd8 19. g3 f5 20. Bh3 g5
21. Rf1 gxh4 22. gxh4 Bc8 23. f4 Bf6 24. exf5 exf5 25. h5 Be7 26. Ng3 Rf8 27.
Rd1 Bc5 28. Rd3 Kg7 29. Kd2 Be6 30. c3 Bf2 31. Ne2 Bxa2 32. Rd7+ Kg8 33. Nd4
Bxd4 34. cxd4 Rf6 35. Bg2 Kf8 36. Bb7 Ke8 37. Rc7 Bc4 38. Rc5 Ke7 39. Re5+ Kd7
40. Kc3 Ba2 41. b3 Bb1 42. Kd2 Rb6 43. Bg2 Rd6 44. Kc3 Rf6 45. d5 Rf8 46. Re6
Rc8+ 47. Kd4 Rc2 48. Bf3 Rd2+ 49. Ke5 Rf2 50. Rd6+ Ke7 51. Bd1 Rd2 52. Re6+ Kd7
53. Rd6+ Ke7 54. Rxa6 Rxd1 55. d6+ Kd7 56. Ra7+ Kc6 57. Ra6+ Kb7 58. Ra1 Re1+
59. Kf6 Kc6 60. Kg7 Rg1+ 61. Kxh6 Kxd6 62. b4 Kd5 63. Kh7 Ke4 64. Kh6 Kxf4 65.
Kh7 Ke3 66. Kh8 f4 67. h6 f3 68. h7 Rh1 69. Kg7 Rxh7+ 70. Kf8 Bd3 71. Re1+ Be2
72. Ra1 f2 73. Ra3+ Kd2 74. Ra1 f1=R+ 75. Kg8 Re7 76. Rxf1 Bxf1 77. Kf8 Bc4 78.
Kxe7 Kc3 79. Kf6 Kxb4 80. Kg7 Kc3 81. Kh7 b4 82. Kg6 b3 83. Kh7 b2 84. Kg6 Kd4
85. Kh5 Be6 86. Kg5 Ke5 87. Kh6 Kf5 88. Kh5 Bf7+ 89. Kh4 Kf4 90. Kh3 Be6+ 91.
Kh2 Bd5 92. Kg1 b1=R+ 93. Kf2 Bc4 94. Kg2 Rf1 95. Kh2 Bd5 96. Kh3 Rh1# 0-1

[Event "ICS Rated standard match"]
[Site "204.178.125.65"]
[Date "2000.07.06"]
[Round "?"]
[White "Hossa"]
[Black "dilworth"]
[Result "0-1"]
[WhiteElo "2348"]
[BlackElo "2539"]
[PlyCount "132"]
[EventDate "2000.??.??"]

1. e4 d5 2. exd5 Qxd5 3. Nc3 Qd6 4. d4 Nf6 5. Nf3 a6 6. Bd3 g6 7. O-O Nc6 8.
Bg5 Bg7 9. Re1 O-O 10. Qd2 Nb4 11. Bc4 Bf5 12. Rac1 e6 13. Ne5 Nc6 14. Nxc6
Qxc6 15. b3 Qd6 16. Rcd1 b5 17. Bf4 Qd7 18. Be2 c6 19. a4 b4 20. Na2 a5 21. f3
Nd5 22. Bg3 Rfe8 23. Bc4 Nb6 24. Bf1 Red8 25. Be5 f6 26. Bg3 e5 27. Bf2 c5 28.
d5 Nxd5 29. Qxd5+ Qxd5 30. Rxd5 Rxd5 31. Bc4 Be6 32. Bxd5 Bxd5 33. Bxc5 Rc8 34.
Bxb4 axb4 35. Nxb4 Be6 36. Re2 Bf8 37. Nd3 Rc3 38. Ne1 Bc5+ 39. Kh1 Kf7 40. h3
Ke7 41. g4 Bc8 42. Kg2 Ba6 43. Re4 Kd6 44. a5 Bd4 45. Kg3 Kc5 46. g5 fxg5 47.
Rg4 h6 48. Kh2 Bc8 49. Re4 Kb5 50. Re2 Bf5 51. Kg2 Kxa5 52. Kh2 Kb4 53. Kh1
Bxh3 54. Rh2 g4 55. fxg4 Re3 56. Nd3+ Kc3 57. Rf2 Rxd3 58. Rf6 Kxc2 59. Rxg6
Rd2 60. Rxh6 Bxg4 61. Rc6+ Kd3 62. Rf6 Ke4 63. Rf2 Rxf2 64. Kg1 Re2+ 65. Kf1
Kf3 66. b4 Bh3# {Hossa checkmated} 0-1